Club Brugge Best Scorer By Year - Statistics

General Stats
  • This quiz has been taken 239 times
    39 since last reset
  • The average score is 12 of 43
Answer Stats
Player % Correct
Hans Vanaken
94%
Noa Lang
62%
Sven Vermant
59%
Carlos Bacca
56%
Gert Verheyen
56%
Thiago
56%
Gustaf Nilsson
53%
Jutglà
50%
Charles De Ketelaere
47%
Jelle Vossen
41%
Ivan Perišić
38%
Jan Ceulemans
38%
José Izquierdo
38%
Boško Balaban
32%
Jean-Pierre Papin
29%
Mario Stanić
29%
Raoul Lambert
29%
Robert Špehar
29%
Lorenzo Staelens
26%
Rune Lange
26%
Rune Lange
26%
Abdoulay Diaby
21%
Daniel Amokachi
21%
François Sterchele
21%
Joseph Akpala
21%
Marc Degryse
21%
Tom De Sutter
18%
Gert Claessens
15%
Foeke Booy
12%
Frank Farina
12%
René Vandereycken
12%
Dorge Kouemaha
9%
Jan Sørensen
9%
Jochen Janssen
9%
Johny Thio
9%
Willy Wellens
9%
Antoine Van Poelvoorde
6%
Fernand Goyvaerts
6%
Gilbert Bailliu
6%
Johan Devrindt
6%
Roger Davies
6%
Ruud Geels
6%
André Tierenteyn
3%
No matching quizzes found
Score Distribution
Percent of People with Each Score
Percentile by Number Answered
Your Score History
You have not taken this quiz since the last reset